000 01145cam a22003491 4500
999 _c533879
_d533879
001 7738901
003 Nust
005 20200123111653.0
008 770803s1814 enk 000 1 eng
010 _a 06015461
020 _a9780141028149
_cRs. 460
035 _a(OCoLC)3157911
038 _aMSOHAIL
040 _aDLC
_cNHemH
_dNHemH
_dDLC
050 0 0 _aPZ3.A93
_bM
_aPR4034.M3
082 _a823.7
_bAUS
100 1 _aAusten, Jane,
_d1775-1817.
_93693
245 1 0 _aMansfield Park:
_ba novel.
_cIn three volumes. By the author of "Sense and sensibility" and "Pride and prejudice."
260 _aLondon,
_bPrinted for T. Egerton,
_c1814.
300 _a491p.
_c18 cm.
650 0 _aYoung women
_xFiction.
_911647
650 0 _aChildren of the rich
_vFiction.
_911648
650 0 _aCountry homes
_vFiction.
_911649
650 0 _aAdoptees
_vFiction.
_911650
650 0 _aCousins
_vFiction.
_911651
650 0 _aUncles
_vFiction.
_911652
651 0 _aEngland
_vFiction.
_91072
655 7 _aDomestic fiction.
_2lcsh
_94525
655 7 _aLove stories.
_2gsafd
_9418
906 _a7
_bcbc
_coclcrpl
_du
_encip
_f19
_gy-gencatlg
942 _2ddc
_cBK